000 00660nam a2200193 a 4500
003 0
005 20250203091752.0
008 130729s19uu xx 00 eng d
050 _aPHS QA 76.9.C66
_b.P235 2013
100 _aPark, Jae Woo
245 _aRelationship between internet usage and study habits /
_cJae Woo Park.
260 _aLas PiƱas City, Philippines :
_bSouthville International School and Colleges,
_c2013.
300 _a22 p. :
_bill. ;
_c28 cm.
504 _aIncludes bibliographical references.
650 _aInternet
_vPsychological aspects.
650 _aInternet and education.
650 _aStudy skills
_vResearch.
942 _2lcc
_cPASS
999 _c98913
_d98913